Central Library OPAC University of Rajshahi

Values and teaching : (Record no. 50055)

MARC details
000 -LEADER
fixed length control field 00801nam a2200253 a 4500
001 - CONTROL NUMBER
control field 50055
003 - CONTROL NUMBER IDENTIFIER
rucl marc code BD-RjUL
005 - DATE AND TIME OF LATEST TRANSACTION
control field 20211209075441.0
008 - FIXED-LENGTH DATA ELEMENTS--GENERAL INFORMATION
fixed length control field 160823s1966 o ||||| |||| 001 0 eng d
035 ## - SYSTEM CONTROL NUMBER
System control number (BD-RjUL)50175
040 ## - CATALOGING SOURCE
Original cataloging agency BD-RjUL
Language of cataloging eng
Transcribing agency BD-RjUL
041 ## - LANGUAGE CODE
Language code of text/sound track or separate title eng
082 ## - DEWEY DECIMAL CLASSIFICATION NUMBER
Edition number 23
Classification number 371.102
Author mark and year RAV 1966
100 1# - MAIN ENTRY--PERSONAL NAME
Personal name Raths, Louis Edward
9 (RLIN) 150032
245 10 - TITLE STATEMENT
Title Values and teaching :
Remainder of title working with values in the classroom /
Statement of responsibility, etc. Louis Edward Raths; Merrill Harmin; Sidney B Simon
260 ## - PUBLICATION, DISTRIBUTION, ETC. (IMPRINT)
Place of publication, distribution, etc. Columbus :
Name of publisher, distributor, etc. C.E. Merrill Books,
Date of publication, distribution, etc. 1966
300 ## - PHYSICAL DESCRIPTION
Pagination ix, 275 p. ;
Size 22 cm.
500 ## - GENERAL NOTE
General note Include index
650 ## - SUBJECT ADDED ENTRY--TOPICAL TERM
Topical term or geographic name as entry element Teaching.
9 (RLIN) 150033
Topical term or geographic name as entry element Values.
9 (RLIN) 132679
700 ## - ADDED ENTRY--PERSONAL NAME
Personal name Harmin, Merrill, Joint author
Personal name Simon, Sidney B, Joint author
942 ## - ADDED ENTRY ELEMENTS (KOHA)
Source of classification or shelving scheme Dewey Decimal Classification
Koha item type Books
Holdings
Lost status Source of classification or shelving scheme Damaged status Not for loan Collection code Permanent Location Current Location Shelving location Date acquired Source of acquisition Total Checkouts Full call number Date last seen Copy number Koha item type
  Dewey Decimal Classification     Non-fiction Central Library, University of Rajshahi Central Library, University of Rajshahi   15/06/1983 The Asia Foundation, USA   371.102 RAV 1966 23/08/2016 C-2 Books
  Dewey Decimal Classification     Non-fiction Central Library, University of Rajshahi Central Library, University of Rajshahi   15/06/1983 The Asia Foundation, USA   371.102 RAV 1966 23/08/2016 C-3 Books
  Dewey Decimal Classification     Non-fiction Central Library, University of Rajshahi Central Library, University of Rajshahi   15/06/1983 Asia foundation   371.102 RAV 1966 07/11/2016 C-4 Books